| 000 | 00676cab a2200241 4500 | ||
|---|---|---|---|
| 001 | ABS60506 | ||
| 008 | 090401t1999 xxu||||| |||| 00| 0 eng d | ||
| 035 | _a(Sirsi) u93220 | ||
| 041 | _aeng | ||
| 100 | _aShaw, L. | ||
| 245 | _aInternet propety guides come of age | ||
| 260 | _c1999 | ||
| 350 | _a0 | ||
| 490 |
_aProperty Forecast _v2 (4) April 1999, 6-7(2) |
||
| 650 | _aPROPERTY-RESIDENTIAL PROPERTY-ACQUISITION AND DISPOSAL OF RESIDENTIAL PROPERTY | ||
| 650 | _aHOUSEBUYING | ||
| 650 | _aINTERNET | ||
| 650 | _aONLINE SERVICES | ||
| 650 | _aWEBSITES | ||
| 690 | _aMANAGEMENT-BUSINESS MANAGEMENT-INFORMATION MANAGEMENT | ||
| 942 | _n0 | ||
| 948 | _c10/05/1999 | ||
| 999 |
_c59085 _d59085 |
||